000
00305nam a22001337a 4500
008
190223b xxu||||| |||| 00| 0 eng d
020
_a
0023379901
041
_a
eng
080
_a
159.9
100
_a
49
101
_a
PSI
245
_a
Perspectives on Human Communication
_c
Fisher, B.A
942
_2
udc
_c
BK
999
_c
54162
_d
54162